| 000 | 00960nam a2200241 a 4500 | ||
|---|---|---|---|
| 001 | 80021 | ||
| 003 | BD-RjUL | ||
| 005 | 20231120094652.0 | ||
| 008 | 220622s2015 bg a|||| m||| 00| 0 eng d | ||
| 035 | _a(BD-RjUL)80021 | ||
| 040 |
_aBD-RjUL _beng _cBD-RjUL _dBD-RjUL |
||
| 041 | _aeng | ||
| 082 |
_a363.75492 _bHAE 2015 _223 |
||
| 100 |
_aHaque, A. K. M. Mahmudul _93822 |
||
| 245 | 0 | 1 |
_aEnvironmental Governance of Urban-Local Government in Bangladesh : _bPolicies and Practices / _cA. K. M. mahmudul Haque ; _6Supervision : S. M. Akram Ullah |
| 260 |
_aRajshahi : _bInstitute of Bangladesh Studies, University of Rajshahi, _c2015 |
||
| 300 |
_axviii, 246 Leaves : _bill, ; _c29 cm. |
||
| 502 | _aThesis (Ph. D.) -- Institute of Bangladesh Studies, University of Rajshahi, 2015 | ||
| 504 | _aBibliography : Leaves [214]-225 | ||
| 650 |
_aEnvironmental _vGovernance _zBangladesh _93823 |
||
| 700 |
_aUllah, S. M. Akram, Supervision _93824 |
||
| 942 |
_2ddc _cTHE |
||
| 999 |
_c80021 _d80021 |
||